000 01468nam a2200373 c 4500
003 BLK
005 20180420224831.0
008 180408b bul|||||r ||||||| ||bul||
010 _aKNG00089208000
020 _a0-8213-6197-X
_bиздат.: The World Bank
040 _aBLK
041 _aENG
_cENG
080 _aВъншна търговия. Международна търговия. Външно-търговска политика. Мита. Вж и 336. 4
_b339.5
_x(4-15)
_z339.5(4-15)
700 1 _aBroadman, Harry G.
_eed. by
_96168
139 _aFrom desintegration to reintegration
_bF 94
245 1 0 _aFrom desintegration to reintegration
_bEastern Europe and the Former Soviet Union in International Trade
_ced. by Harry G. Broadman.
257 _aUSA
260 Washington
_bThe World Bank
_c2006
300 _a414 p.
_btab., diagr.
_c26 cm
380 _a3
500 _aBibliogr. p. 385-400 ; Index
504 _a385-400
590 _aф
650 4 _aТърговска политика
_9294162
650 4 _aМеждународни финансови отношения
_9299855
650 4 _aМеждународни икономически отношения
_9253712
653 _aтърговска политика
653 _aмеждународни икономически отношения
852 _aЦб ІІ 15637
856 4 _qpdf
_u
856 4 _qpdf
_u
942 _cKNG
_n0
944 _aCR
_c28.04.2009
_kМилена_Ачева
944 _aED
_c30.04.2009
_k
999 _c84620
_d84620